[Event "AUTO-INT-862"]
[Site "http://www.queenalice.com/game.php?id=385116"]
[Date "2008.4.10"]
[Round "1"]
[White "zemaria"]
[Black "bragchez"]
[Result "0-1"]
[WhiteElo "1692"]
[BlackElo "1610"]

1. e4 e5 2. d4 exd4 3. Qxd4 Nc6 4. Qd1 Bc5 5. Bd3 Nf6 6. h3 O-O 7. Bg5 Ne5 8.
Nf3 Nxd3+ 9. cxd3 d6 10. O-O Be6 11. Nc3 Qd7 12. Bxf6 gxf6 13. Nh2 Kh8 14. Qh5
Rg8 15. Kh1 Rg6 16. Nf3 Rag8 17. Nh4 Bxh3 18. gxh3 Qxh3# 0-1

[Event "AUTO-ADV-882"]
[Site "http://www.queenalice.com/game.php?id=391603"]
[Date "2008.4.22"]
[Round "1"]
[White "pedrogarciass"]
[Black "bragchez"]
[Result "1-0"]
[WhiteElo "1769"]
[BlackElo "1579"]

1. Nf3 Nc6 2. e4 e5 3. Bb5 Bc5 4. Bxc6 bxc6 5. Nxe5 Nf6 6. Nc3 O-O 7. d4 Bb4 8.
Bg5 d6 9. Nxc6 Bxc3+ 10. bxc3 Qd7 11. Bxf6 gxf6 12. Nb4 Kh8 13. Nd5 Ba6 14. Nxf6
Qe6 15. Qf3 d5 16. e5 Bb5 17. Qh5 Qxf6 18. exf6 Rae8+ 19. Kd2 Rg8 20. Rhe1 Rb8
21. Qxd5 Be8 22. Re7 Rb5 23. Qd8 Bc6 24. Qxc7 Be8 25. Rae1 Rf5 26. R1e2 Bb5 27.
Rxf7 Rh5 28. Ree7 Bc4 29. Rxh7+ Rxh7 30. Rxh7# 1-0

[Event "AUTO-ADV-882"]
[Site "http://www.queenalice.com/game.php?id=391604"]
[Date "2008.4.22"]
[Round "1"]
[White "bragchez"]
[Black "pedrogarciass"]
[Result "0-1"]
[WhiteElo "1588"]
[BlackElo "1760"]

1. e4 d5 2. e5 d4 3. Bc4 e6 4. d3 Bb4+ 5. Nd2 a6 6. a3 Bc5 7. Ne4 Be7 8. Nf3 c5
9. O-O h6 10. c3 Nc6 11. cxd4 Nxd4 12. Nxd4 Qxd4 13. Be3 Qxe5 14. f4 Qxb2 15.
Nxc5 Nf6 16. Qf3 O-O 17. Nb3 Bd7 18. Bd4 Bc6 19. Qh3 Qe2 20. Rf2 Qg4 21. Qe3 Nh5
22. Na5 Bh4 23. Nxc6 Bxf2+ 24. Qxf2 Nxf4 25. Ne5 Ne2+ 26. Kh1 Qxd4 27. Qxe2
Qxa1+ 0-1

[Event "AUTO-ADV-882"]
[Site "http://www.queenalice.com/game.php?id=391619"]
[Date "2008.4.22"]
[Round "1"]
[White "LucianoCenci"]
[Black "bragchez"]
[Result "1-0"]
[WhiteElo "1970"]
[BlackElo "1617"]

1. c4 g6 2. Nc3 Bg7 3. g3 c6 4. Bg2 d6 5. d4 Nf6 6. Nf3 Bg4 7. O-O O-O 8. Rb1
Nbd7 9. h3 Bf5 10. g4 Bxb1 11. Nxb1 Ne4 12. Nbd2 d5 13. Nxe4 dxe4 14. Ng5 Nf6
15. Nxe4 Nd7 16. Be3 Nb6 17. Qb3 e6 18. Rd1 Qe7 19. a4 Nd7 20. Qxb7 Rfb8 21.
Qxc6 Rc8 22. Qd6 Qe8 23. Nc3 Rxc4 24. Bxa8 Qxa8 25. Qxd7 Rc8 26. Nb5 a6 27. Nd6
Rc2 28. Qxf7+ Kh8 29. Qxe6 Rxb2 30. Nf7+ Kg8 31. Rc1 Rb8 32. Nd8+ Kf8 33. Qf7#
1-0

[Event "AUTO-ADV-882"]
[Site "http://www.queenalice.com/game.php?id=391620"]
[Date "2008.4.22"]
[Round "1"]
[White "bragchez"]
[Black "LucianoCenci"]
[Result "0-1"]
[WhiteElo "1622"]
[BlackElo "1948"]

1. e4 e6 2. d4 d5 3. e5 c5 4. Nf3 Nc6 5. Bb5 Bd7 6. c3 Nxe5 7. Bxd7+ Nxd7 8. Bf4
Ngf6 9. O-O Be7 10. Ne5 cxd4 11. cxd4 Qb6 12. b3 O-O 13. Nc3 Rac8 14. Nxd7 Nxd7
15. Qg4 Rxc3 16. Bh6 Bf6 17. f4 Qxd4+ 18. Kh1 Ne5 19. Qg3 Rxg3 20. hxg3 Ng4 21.
Bg5 Bxg5 22. fxg5 Rc8 23. Rad1 Nf2+ 24. Kh2 Nxd1 25. Rh1 Rc2 26. Kh3 Nf2+ 27.
Kh2 Nxh1 28. Kxh1 Qf2 29. Kh2 Qxg2# 0-1

[Event "AUTO-ADV-882"]
[Site "http://www.queenalice.com/game.php?id=391631"]
[Date "2008.4.22"]
[Round "1"]
[White "bragchez"]
[Black "Guilherme_Ottoni"]
[Result "0-1"]
[WhiteElo "1615"]
[BlackElo "1946"]

1. e4 e5 2. Nf3 Nc6 3. Bb5 a6 4. Ba4 Nf6 5. d3 b5 6. Bb3 Bc5 7. Bg5 d6 8. O-O h6
9. Be3 Bxe3 10. fxe3 Bg4 11. Nbd2 O-O 12. Qe1 Re8 13. Nh4 a5 14. a4 b4 15. h3
Be6 16. Bd5 Nxd5 17. exd5 Bxd5 18. e4 Be6 19. Nf5 Bxf5 20. exf5 Nd4 21. Qd1 Qg5
22. Ne4 Qe3+ 23. Kh1 Nc6 24. Qg4 Kf8 25. f6 g6 26. Qd7 Qb6 27. Nxd6 cxd6 28.
Qxd6+ Kg8 29. c3 Rad8 30. Qxd8 Qxd8 31. Rf3 g5 32. g4 Re6 33. Rd1 Rxf6 34. Rg3
Qd5+ 35. Kg1 Rf3 36. Rg2 Rxd3 37. Rc1 Rd2 38. Rg3 Rxb2 39. cxb4 Qd2 40. Ra1 Qf2+
0-1

[Event "AUTO-ADV-882"]
[Site "http://www.queenalice.com/game.php?id=391632"]
[Date "2008.4.22"]
[Round "1"]
[White "Guilherme_Ottoni"]
[Black "bragchez"]
[Result "1-0"]
[WhiteElo "1971"]
[BlackElo "1619"]

1. e4 e5 2. Nf3 Nc6 3. Bc4 Bc5 4. c3 Nge7 5. d4 exd4 6. cxd4 Bb6 7. d5 Na5 8.
Be2 d6 9. b4 O-O 10. bxa5 Bc5 11. O-O Bg4 12. Bb2 Ng6 13. Nbd2 Qd7 14. Nb3 Rae8
15. Nxc5 dxc5 16. Qc2 Qd6 17. Qc3 f6 18. Bd3 Bxf3 19. gxf3 Re5 20. Rfc1 Rh5 21.
Kf1 Nf4 22. Be2 Rxh2 23. Ke1 Nh3 24. Qxc5 Qf4 25. Qe3 Qh4 26. Kd2 f5 27. Rxc7 f4
28. Rxg7+ Kh8 29. Qd4 Qxf2 30. Rg6+ Qxd4+ 31. Bxd4+ Rf6 32. Bxf6# 1-0

[Event "AUTO-ADV-897"]
[Site "http://www.queenalice.com/game.php?id=398008"]
[Date "2008.5.4"]
[Round "1"]
[White "luhosavi"]
[Black "bragchez"]
[Result "1-0"]
[WhiteElo "2087"]
[BlackElo "1564"]

1. e4 e5 2. Nf3 Nc6 3. d4 g6 4. d5 Nd4 5. Nxe5 d6 6. Qxd4 Bg7 7. Qa4+ Bd7 8.
Nxd7 Qxd7 9. Qxd7+ Kxd7 10. Nc3 Ne7 11. Bb5+ c6 12. dxc6+ bxc6 13. Bc4 Rhe8 14.
O-O Red8 15. Bxf7 Rf8 16. Bb3 Ng8 17. Bxg8 Rxg8 18. Bf4 Rab8 19. Rad1 Rxb2 20.
Rxd6+ Ke7 21. Rxc6 Rxc2 22. Nd5+ Kf7 23. Rxc2 Re8 24. Rc7+ Kg8 25. f3 Rf8 26.
Be3 Be5 27. Rxa7 Bb8 28. Rb7 Be5 29. Rfb1 Bg7 30. Rb8 h6 31. Rxf8+ Bxf8 32. Rb8
Kg7 33. Bd4+ Kf7 34. a4 Bd6 35. Rb7+ Ke6 36. a5 1-0

[Event "AUTO-ADV-897"]
[Site "http://www.queenalice.com/game.php?id=398009"]
[Date "2008.5.4"]
[Round "1"]
[White "bragchez"]
[Black "luhosavi"]
[Result "0-1"]
[WhiteElo "1576"]
[BlackElo "2059"]

1. e4 c5 2. c3 d5 3. e5 Nc6 4. Bb5 Bd7 5. Nf3 Nxe5 6. Bxd7+ Nxd7 7. d4 e6 8. Bf4
Ngf6 9. O-O Qb6 10. b3 cxd4 11. cxd4 Bd6 12. Ne5 Rc8 13. Nd2 Qxd4 14. Nec4 Bxf4
15. Ne3 Bxe3 16. fxe3 Qxe3+ 17. Kh1 h5 18. Rf3 Qb6 19. Nf1 Ne4 20. Ng3 Nf2+ 21.
Rxf2 Qxf2 22. Qd4 Qxd4 23. h3 Qxa1+ 24. Kh2 Qxa2 25. b4 Rc2 26. Nh1 Rxg2# 0-1

[Event "AUTO-ADV-897"]
[Site "http://www.queenalice.com/game.php?id=398014"]
[Date "2008.5.4"]
[Round "1"]
[White "alvarogoulart"]
[Black "bragchez"]
[Result "1-0"]
[WhiteElo "1904"]
[BlackElo "1566"]

1. e4 e5 2. Bc4 Bc5 3. Nf3 Qe7 4. d3 h6 5. Nc3 Nf6 6. Qe2 O-O 7. Be3 Bb4 8. Bd2
c6 9. a3 Bxc3 10. Bxc3 d6 11. O-O-O d5 12. exd5 cxd5 13. Bb3 Nc6 14. d4 e4 15.
Ne5 Rd8 16. Nxc6 bxc6 17. Rhe1 Bg4 18. f3 Bh5 19. Qf2 Re8 20. Ba4 Qc7 21. Rd2
exf3 22. Rxe8+ Rxe8 23. gxf3 Ng4 24. fxg4 Bxg4 25. b4 a6 26. Rd3 Re2 27. Qg3 Qd7
28. Bd2 Re4 29. Re3 f5 30. Rxe4 dxe4 31. h3 Bf3 32. Bxh6 Qe7 33. Bxc6 Kh7 34.
Bg5 Qc7 35. Qxc7 Kg6 36. h4 Bh5 37. Be8+ Kh7 38. Bf6 Bxe8 39. Qxg7# 1-0

[Event "AUTO-ADV-897"]
[Site "http://www.queenalice.com/game.php?id=398015"]
[Date "2008.5.4"]
[Round "1"]
[White "bragchez"]
[Black "alvarogoulart"]
[Result "0-1"]
[WhiteElo "1549"]
[BlackElo "1955"]

1. e4 b6 2. d4 Bb7 3. Nc3 Nf6 4. Bc4 d5 5. exd5 Nxd5 6. Qf3 e6 7. Nh3 Bb4 8. O-O
Bxc3 9. bxc3 h6 10. Qg3 Qf6 11. f4 Ba6 12. Bxa6 Nxa6 13. a3 c5 14. Nf2 cxd4 15.
c4 Ne7 16. Nd3 Nf5 17. Qf3 O-O 18. Ne5 Rad8 19. Bd2 Nc5 20. Ng4 Qg6 21. Ne5 Qf6
22. Qb7 Qe7 23. Qxe7 Nxe7 24. Rf3 Ne4 25. Bb4 Nd6 26. g4 f6 27. Nd3 Nc6 28. Be1
Nxc4 29. Bh4 Ne3 30. g5 Nf5 31. Bf2 fxg5 32. Kh1 g4 33. Bh4 Nxh4 34. Rg3 h5 35.
Rf1 e5 36. Rgg1 e4 37. Ne1 e3 38. f5 Rxf5 39. Nd3 Rxf1 40. Rxf1 Nf3 41. Nf4 d3
42. Nxd3 Ncd4 43. Nf4 h4 44. c3 e2 45. Nxe2 Nxe2 46. Ra1 h3 47. Rf1 Nxc3 48. a4
Rd2 49. a5 Rxh2# 0-1

[Event "AUTO-ADV-907"]
[Site "http://www.queenalice.com/game.php?id=402213"]
[Date "2008.5.13"]
[Round "1"]
[White "allgambits"]
[Black "bragchez"]
[Result "1-0"]
[WhiteElo "1597"]
[BlackElo "1564"]

1. e4 e5 2. Nf3 Nc6 3. Bc4 Nf6 4. Ng5 d5 5. exd5 Nd4 6. d6 Bxd6 7. Nxf7 Ke7 8.
Nxd8 Kxd8 9. d3 Bd7 10. Bg5 Kc8 11. Bxf6 gxf6 12. Nc3 a6 13. O-O Rg8 14. Bxg8 c5
15. Nd5 Kb8 16. Nxf6 Bf5 17. Bd5 Ka7 18. c3 Nb5 19. Qb3 Bxd3 20. Rfd1 Bf5 21. c4
Nd4 22. Qxb7# 1-0

[Event "AUTO-ADV-907"]
[Site "http://www.queenalice.com/game.php?id=402214"]
[Date "2008.5.13"]
[Round "1"]
[White "bragchez"]
[Black "allgambits"]
[Result "0-1"]
[WhiteElo "1547"]
[BlackElo "1685"]

1. e4 e5 2. Nf3 Nc6 3. Bb5 Nf6 4. d3 Bc5 5. O-O O-O 6. Bg5 d5 7. exd5 Nd4 8.
Nxe5 Nxb5 9. c4 Nd4 10. Nd2 Qd6 11. Ndf3 Nxf3+ 12. Nxf3 Bg4 13. Qd2 Bxf3 14.
gxf3 Nh5 15. d4 Bb4 16. Qd3 f6 17. Bh4 Nf4 18. Qf5 c5 19. dxc6 bxc6 20. Bg3 Ne2+
21. Kg2 Nxg3 22. fxg3 Qxd4 23. b3 Rae8 24. Qb1 Re2+ 25. Kh1 Qd2 26. Kg1 Bc5+ 27.
Kh1 Rxh2# 0-1

[Event "AUTO-ADV-907"]
[Site "http://www.queenalice.com/game.php?id=402229"]
[Date "2008.5.13"]
[Round "1"]
[White "dani29rock"]
[Black "bragchez"]
[Result "1-0"]
[WhiteElo "1781"]
[BlackElo "1563"]

1. d4 g6 2. e4 Bg7 3. Be3 d6 4. Nf3 Nc6 5. Bb5 Bg4 6. c3 Nf6 7. Nbd2 O-O 8. d5
Ne5 9. h3 Bh5 10. g4 Nexg4 11. hxg4 Nxg4 12. Qb3 Nxe3 13. fxe3 a6 14. Bd3 b6 15.
O-O-O a5 16. a4 Qc8 17. Rdf1 c5 18. Nc4 Qa6 19. Kc2 Rad8 20. Nxd6 exd6 21. Bxa6
Rd7 22. Qxb6 Ra8 23. Qb5 Re7 24. Nd2 Be5 25. Rfg1 Ree8 26. Nc4 Bg7 27. Nxd6 Reb8
28. Bb7 Ra7 29. Rg5 Bf6 30. Qxc5 Rd8 31. Rgxh5 Be7 32. Rxh7 Bxd6 33. Rh8+ Kg7
34. Qd4+ f6 35. R1h7# 1-0

[Event "AUTO-ADV-907"]
[Site "http://www.queenalice.com/game.php?id=402230"]
[Date "2008.5.13"]
[Round "1"]
[White "bragchez"]
[Black "dani29rock"]
[Result "1-0"]
[WhiteElo "1488"]
[BlackElo "1501"]

1. e4 e5 2. Nf3 d6 3. Bc4 Be6 4. Bb5+ c6 5. Ba4 Nf6 6. d3 Qb6 7. O-O Qa6 8. c3
Nbd7 9. c4 Nc5 10. Bc2 d5 11. exd5 cxd5 12. a4 e4 13. dxe4 dxe4 14. Ne5 Bd6 15.
Qd4 Rd8 16. Bg5 Qb6 17. b3 Nxb3 18. Qxb6 axb6 19. Bxb3 Bxe5 20. Ra2 O-O 21. Nd2
h6 22. Bxf6 Bxf6 23. Nxe4 Rd3 24. Bc2 Rd4 25. Nxf6+ gxf6 26. Bb3 Bxc4 27. Rb2
Bxb3 28. Rxb3 Rd6 29. h4 h5 30. g3 Ra8 31. Rb4 Kf8 32. Kg2 Re6 33. Rd1 Ke7 34.
Ra1 Ra7 35. Rc1 Rd6 36. Re4+ 1-0

[Event "AUTO-ADV-907"]
[Site "http://www.queenalice.com/game.php?id=402241"]
[Date "2008.5.13"]
[Round "1"]
[White "bragchez"]
[Black "Nando_Oliveira"]
[Result "0-1"]
[WhiteElo "1556"]
[BlackElo "1719"]

1. e4 e5 2. Nf3 Nc6 3. Bb5 Qf6 4. O-O a6 5. Ba4 Bc5 6. c3 h6 7. d3 b5 8. Bb3 d6
9. Be3 Bxe3 10. fxe3 Qe7 11. Nbd2 Nf6 12. d4 exd4 13. exd4 Ng4 14. h3 Ne3 15.
Bxf7+ Kd8 16. Qb3 Nxf1 17. Nxf1 Rf8 18. Bd5 Bb7 19. Ne3 Rb8 20. Nf5 Qf6 21. Rd1
Ne7 22. e5 Qxf5 23. a3 Bxd5 24. c4 Bxf3 25. Qxf3 Qxf3 26. gxf3 Rxf3 27. Kg2 Rb3
28. Rd2 bxc4 29. e6 Rxb2 30. Rf2 Rxf2+ 31. Kxf2 Rb3 32. a4 Ra3 33. h4 Rxa4 34.
h5 c3 35. Ke2 Rxd4 36. Ke3 Rd2 37. Ke4 c2 0-1

[Event "AUTO-ADV-907"]
[Site "http://www.queenalice.com/game.php?id=402242"]
[Date "2008.5.13"]
[Round "1"]
[White "Nando_Oliveira"]
[Black "bragchez"]
[Result "1-0"]
[WhiteElo "1728"]
[BlackElo "1547"]

1. e4 e5 2. Bc4 Nf6 3. Nc3 Nc6 4. d3 g6 5. Nf3 Bg7 6. Ng5 O-O 7. Nd5 Ne7 8.
Nxe7+ Qxe7 9. Nf3 c6 10. Be3 b6 11. Bd2 d5 12. exd5 cxd5 13. Bb3 Bg4 14. h3 Bd7
15. Qc1 e4 16. dxe4 dxe4 17. Nd4 Qe5 18. Be3 Qa5+ 19. Qd2 Qa6 20. a3 Rac8 21. f3
exf3 22. gxf3 Nh5 23. O-O-O Rfd8 24. c3 Bf5 25. Bh6 Rxd4 26. Qe3 Rd3 27. Rxd3
Bxd3 28. Bg5 Ng3 29. Rd1 Ne2+ 30. Kd2 Nxc3 31. Rc1 Rf8 32. Qxd3 Ne4+ 33. fxe4
Qa5+ 34. Kc2 Qxg5 35. Kb1 Rd8 36. Qf3 Rd2 37. Qxf7+ Kh8 38. Qg8# 1-0